00546nam a22001577a 4500010001500000020003100015035001400046037001300060082001200073100001600085245004700101260004000148270013600188300002500324500003900349 aENG-126164 a978-93-8676-171-2c1995.00 aEN-109696 bDBAD/PUB a515.151 aKhan,Quddus aMathematics for Chemistry/cby Quddus Khan aNew DelhibAne Books Pvt.Ltd.c2016 a4821,Parwana Bhawan,1st Floor24 Ansari Road, Darya GanjbNew Delhie110002k+91(011)23276843l+91(011)23276863mkapoor@anebooks.com a458p.c24cm(hb)bill ait includes Index and Bibliography